MARC details
| 000 -CABECERA |
| campo de control de longitud fija |
03885nam a2200433 a 4500 |
| 001 - NÚMERO DE CONTROL |
| campo de control |
dia_387 |
| 003 - IDENTIFICADOR DEL NÚMERO DE CONTROL |
| campo de control |
CHAP |
| 005 - FECHA Y HORA DE LA ÚLTIMA TRANSACCIÓN |
| campo de control |
20251114181216.0 |
| 008 - DATOS DE LONGITUD FIJA--INFORMACIÓN GENERAL |
| campo de control de longitud fija |
220117s1987 mx abd frm 001 0 spa d |
| 010 ## - NÚMERO DE CONTROL DE LA BIBLIOTECA DEL CONGRESO |
| Número de control de LC |
170939 |
| 040 ## - FUENTE DE LA CATALOGACIÓN |
| Centro/agencia transcriptor |
CHAP |
| Centro catalogador/agencia de origen |
mxchpua |
| Normas de descripción |
rda |
| 041 0# - CÓDIGO DE LENGUA |
| Código de lengua del texto/banda sonora o título independiente |
spa |
| Código de lengua del sumario o resumen |
spa |
| 090 ## - LOCALMENTE ASIGNADO TIPO-LC NÚMERO DE CLASIFICACIÓN (OCLC); NÚMERO DE CLASIFICACIÓN LOCAL (RLIN) |
| Número de clasificación (OCLC) (R) ; Numero de clasificación, CALL (RLIN) (NR) |
Tesis |
| Número cutter local (OCLC) ; Número de libro/Signatura topográfica íntegra, CALL (RLIN) |
C33 |
| año |
1987 |
| 100 1# - ENTRADA PRINCIPAL--NOMBRE DE PERSONA |
| Nombre de persona |
Cadena Morales, Miguel |
| 245 10 - MENCIÓN DE TÍTULO |
| Título |
Determinación de alternativas para optimizar las zafras del Ingenio Azucarero Emiliano Zapata / |
| Mención de responsabilidad, etc. |
Miguel Cadena Morales, Oscar Ciro Sánchez Quintero, Margarito Urzúa Benítez y Francisco Javier Vega Martínez |
| 264 ## - PRODUCCIÓN, PUBLICACIÓN, DISTRIBUCIÓN, FABRICACIÓN Y COPYRIGHT |
| Producción, publicación, distribución, fabricación y copyright |
Chapingo, México : |
| Nombre del de productor, editor, distribuidor, fabricante |
El autor, |
| Fecha de producción, publicación, distribución, fabricación o copyright |
1987 |
| 300 ## - DESCRIPCIÓN FÍSICA |
| Extensión |
vii, 357 hojas : |
| Otras características físicas |
ilustraciones, mapas, gráficas, diagramas, tablas |
| 336 ## - TIPO DE CONTENIDO |
| Fuente |
rdacontent |
| Término de tipo de contenido |
texto |
| Código de tipo de contenido |
txt |
| 337 ## - TIPO DE MEDIO |
| Fuente |
rdamedia |
| Nombre/término del tipo de medio |
no mediado |
| Código del tipo de medio |
n |
| 338 ## - TIPO DE SOPORTE |
| Fuente |
rdacontent |
| Nombre/término del tipo de soporte |
volumen |
| Código del tipo de soporte |
n |
| 502 ## - NOTA DE TESIS |
| Nota de tesis |
Tesis |
| Tipo de título |
(Ingeniero Agrónomo Especialista en Industrias Agrícolas) : |
| -- |
(Ingeniero Agroindustrial) -- |
| Nombre de la institución que otorga el título |
UACh. Departamento de Industrias Agrícolas : |
| -- |
UACh. Departamento de Ingeniería Agroindustrial, |
| Año de obtención del título |
1987 |
| 504 ## - NOTA DE BIBLIOGRAFÍA, ETC. |
| Nota de bibliografía, etc. |
Bibliografía: hojas 283-284 |
| 520 3# - SUMARIO, ETC. |
| Sumario, etc. |
El presente trabajo, consiste en determinar alternativas que permitan optimizar las zafras de la zona de abastecimiento del Ingenio "Emiliano Zapata" en Zacatepec, Morelos. El procedimiento seguido implica un análisis de cadauna de las etapas que forman parte del sistema agroindustrial azucarero, es decir, la producción agrícola, la transportación y la industrialización. Cada etapa tiene su influencia y significado en la obtención de mayores rendimientos azucareros, por esto pueden y deben analizarse separadamente; sin embargo, es necesario tener presente la interdependencia entre las mismas y los objetivos y finalidad de cada una de ellas En consecuencia con lo anterior, el trabajo inicia con un estudio del medio geográfico de la zona de abastecimiento del ingenio, con el objeto de conocer las condiciones ambientales y la infraestructura bajo las que se desarrolla el cultivo de la caña de azúcar en dicha área. Se describe la marcha técnica del cultivo en base a las recomendaciones de las instituciones encargadas de la investigación en caña de azúcar y las experiencias de la superintendencia de campo del ingenio "Emiliano Zapata". En cuanto a la etapa agroindustrial de la transportación de la caña se esbozan las características generales del proceso de transporte y se realiza una estimación de la distancia máxima económica para transportar la caña de azúcar, bajo las condiciones específicas del Ingenio "Emiliano Zapata". En lo referente a la etapa de industrialización se detectaron las fases en las que se localizan mayores pérdidas en tiempo y bajas en rendimiento azucarero. Además se realiza un análisis del comportamiento histórico de algunos parámetros de los informes oficiales de corrida que reflejan la eficiencia del proceso de obtención de azúcar, con la finalidad de orientar la programación del abastecimiento de materia prima. En función de todo lo anterior se elaboraron las Conclusiones y Recomendaciones que se presentan en la parte final de éste trabajo. |
| 650 13 - PUNTO DE ACCESO ADICIONAL DE MATERIA--TÉRMINO DE MATERIA |
| Término de materia o nombre geográfico como elemento de entrada |
Azúcar de caña |
| Fuente del encabezamiento o término |
atg |
| 650 13 - PUNTO DE ACCESO ADICIONAL DE MATERIA--TÉRMINO DE MATERIA |
| Término de materia o nombre geográfico como elemento de entrada |
Industria azucarera |
| Subdivisión geográfica |
México |
| Fuente del encabezamiento o término |
atg |
| 650 13 - PUNTO DE ACCESO ADICIONAL DE MATERIA--TÉRMINO DE MATERIA |
| Término de materia o nombre geográfico como elemento de entrada |
Optimización de sistemas |
| Fuente del encabezamiento o término |
atg |
| 650 13 - PUNTO DE ACCESO ADICIONAL DE MATERIA--TÉRMINO DE MATERIA |
| Término de materia o nombre geográfico como elemento de entrada |
Cane sugar |
| Fuente del encabezamiento o término |
atg |
| 650 13 - PUNTO DE ACCESO ADICIONAL DE MATERIA--TÉRMINO DE MATERIA |
| Término de materia o nombre geográfico como elemento de entrada |
Sugar industry |
| Subdivisión geográfica |
Mexico |
| Fuente del encabezamiento o término |
atg |
| 650 13 - PUNTO DE ACCESO ADICIONAL DE MATERIA--TÉRMINO DE MATERIA |
| Término de materia o nombre geográfico como elemento de entrada |
System optimization |
| Fuente del encabezamiento o término |
atg |
| 700 1# - PUNTO DE ACCESO ADICIONAL--NOMBRE DE PERSONA |
| Nombre de persona |
Sánchez Quintero, Oscar Ciro |
| Término indicativo de función/relación |
autor |
| 700 1# - PUNTO DE ACCESO ADICIONAL--NOMBRE DE PERSONA |
| Nombre de persona |
Urzúa Benítez, Margarito |
| Término indicativo de función/relación |
autor |
| 700 1# - PUNTO DE ACCESO ADICIONAL--NOMBRE DE PERSONA |
| Nombre de persona |
Vega Martínez, Francisco Javier |
| Término indicativo de función/relación |
autor |
| 700 1# - PUNTO DE ACCESO ADICIONAL--NOMBRE DE PERSONA |
| Nombre de persona |
García Chávez, Luis Ramiro |
| Término indicativo de función/relación |
director |
| 856 41 - LOCALIZACIÓN Y ACCESO ELECTRÓNICOS |
| Identificador Uniforme del Recurso |
<a href="http://10.13.5.2/tesis/1987-Cadena_Morales_Miguel_Tesis.pdf">http://10.13.5.2/tesis/1987-Cadena_Morales_Miguel_Tesis.pdf</a> |
| Texto de enlace |
DESCARGAR PDF |
| 901 ## - ELEMENTOS DE DATOS A LOCAL LDA (RLIN) |
| a |
TESIS C33 1987 |
| 942 ## - ELEMENTOS DE PUNTO DE ACCESO ADICIONAL (KOHA) |
| Tipo de ítem Koha |
TESIS |
| Fuente del sistema de clasificación o colocación |
Clasificación Universidad Autónoma Chapingo |
| 902 ## - ELEMENTOS DE DATOS B LOCAL, LDB (RLIN) |
| a |
M |
| 905 ## - ELEMENTOS DE DATOS E LOCAL, LDE (RLIN) |
| a |
5232271987 mx nm 8223123322spa16 |